Statistics for FIFA 2018 World Cup Players

Click here to take the quiz!

General Stats

  • This quiz has been taken 175 times
  • The average score is 12 of 18

Answer Stats

Players League % Correct
95 (8.9%)La Liga
99%
90 (8.4%)Bundesliga
95%
71 (6.6%)Serie A
94%
55 (5.1%)Ligue 1
92%
164 (15.3%)EPL
88%
25 (2.3%)Primeira Liga NOS
77%
55 (5.1)Russian Premier League
77%
21 (2%)MLS
75%
31 (2.9%)J League
64%
45 (4.2)Liga MX
64%
22 (2.1%)Jupiler League
60%
30 (2.8%)Turkish Süper Lig
56%
42 (3.9%)Saudi Professional League
53%
25 (2.3%)Chinese Super League
52%
21 (2%)K League
45%
21 (2%)Persian Gulf Pro League
30%
22 (2.1%)Peruvian Primera División
16%
21 (2%)Tunisian Ligue Professionnelle 1
16%

Score Distribution

Percentile by Number Answered

Percent of People with Each Score

Your Score History

You have not taken this quiz